000 00911cab a2200253 4500
001 WB3017-41
008 090401t1994 xxu||||| |||| 00| 0 eng d
035 _a(Sirsi) u41919
041 _aeng
245 _aInformal arrangement
260 _c1994
350 _a0
490 _aTimes
_v4 May 1994, 39(1)
520 _aIn "Monmouth BC v Marlog", CA 18 April 1994, it was held that an informal agreement under which a secure tenant shared his house with another was not intended to give rise to any legal relationship and did not create a subtenancy.
650 _aLODGERS
650 _aPROPERTY-RESIDENTIAL PROPERTY-RESIDENTIAL LANDLORD AND TENANT-RESIDENTIAL TENANCIES
650 _aSECURE TENANCY
650 _aSECURITY OF TENURE
650 _aSTREET V MOUNTFORD
650 _aSUBTENANCIES
690 _aLANDLORD AND TENANT-CASE LAW-RESIDENTIAL TENANCIES
942 _n0
948 _c04/03/1997
999 _c26917
_d26917